Statistics for Soccer Logos - Zoomed In #3

Click here to take the quiz!

General Stats

  • This quiz has been taken 62 times
  • The average score is 13 of 16

Answer Stats

Answer% Correct
Borussia Dortmund
100%
Everton
94%
Aston Villa
91%
Brighton
91%
Inter Milan
91%
RB Leipzig
91%
Sporting CP
91%
Napoli
87%
Sevilla
87%
Eintracht Frankfurt
85%
Fiorentina
83%
Lille
80%
River Plate
72%
Feyenoord
70%
Anderlecht
69%
Fenerbahçe
63%

Score Distribution

Percentile by Number Answered

Percent of People with Each Score

Your Score History

You have not taken this quiz